00575nam a2200181Ia 450000500170000000800410001702000150005808200130007310000200008624500500010625000080015626000400016430000130020450000600021794200060027795200950028399900150037820250627024120.0240331s9999 xx 000 0 und d a9552104904 bATHa370 aAthapaththu,R.B 0aWishvaya saha apata penena grahaloka ha tharu a2nd aNugegodabM. D. Gunasena & Coc1992 a222 p ., aA book on The universe and the planets and stars we see cL 001040708LaWERCLbWERCLcSSCd2024-03-31l0o 370 ATHp3477r2024-03-31w2024-03-31yL c5016d5016